000 00689nam a2200229 a 4500
001 BRL_160
005 20190320210620.0
008 191012s1930----sp-a######---#000-0#spa-#
041 _aspa
044 _asp
050 4 _aE77
_b.H37 1930
100 1 _aHarris Salomon, Julian
_923071
245 1 0 _aArte y costumbres de los pieles rojas
_cJulian Harris Salomon ; tr. Th. Scheppelmann.
260 _aEspaña
_bJuventud
_c1930
300 _a365 p.
_bil.
_c22 cm.
500 _aAu212
650 1 4 _aIndios de América del Norte
_923072
650 1 4 _aIndios de América del Norte
_xVida social y costumbres
_923073
700 1 _aScheppelmann, Th.
_etr.
_923074
902 _aGRL
942 _2lcc
_cB
999 _c8973
_d8973